00592 2200193 4500001002100000005001500021007000300036008004100039035002000080082001400100084002000114110004000134245009800174260006200272300002000334650001600354650001900370990000900389INLIS00000000000469520220921104005ta220921 g 0 dut  a0010-0922000040 a922 Treub a922 Treub KON m2 aKONINKLIJK INSTITUUT VOOR DE TROPEN1 aMelchior Treub (Prof. Dr.) :b(26 Dec 1851-3 Oct 1910) /cKoninklijk Instituut voor de Tropen aAmsterdam :bKoninklijk Instituut voor de Tropen,c[s.a.] a35 p. ;c21 cm. 4aBIOGRAPHIES 4aMELCHIOR TREUB a2880